|
|
|
|
| LEADER |
01900nam a2200457 i 4500 |
| 001 |
EBC614830 |
| 003 |
MiAaPQ |
| 005 |
20200520144314.0 |
| 006 |
m o d | |
| 007 |
cr cnu|||||||| |
| 008 |
141010t20141983enka o 001 0 eng d |
| 020 |
|
|
|z 9780415602105
|
| 020 |
|
|
|a 9780203835388
|q (electronic bk.)
|
| 035 |
|
|
|a (MiAaPQ)EBC614830
|
| 035 |
|
|
|a (Au-PeEL)EBL614830
|
| 035 |
|
|
|a (CaPaEBR)ebr10944895
|
| 035 |
|
|
|a (CaONFJC)MIL647723
|
| 035 |
|
|
|a (OCoLC)892238805
|
| 040 |
|
|
|a MiAaPQ
|b eng
|e rda
|e pn
|c MiAaPQ
|d MiAaPQ
|
| 043 |
|
|
|a d------
|
| 050 |
|
4 |
|a HD82
|b .P4459 2014
|
| 082 |
0 |
|
|a 338.9/001
|2 19
|
| 100 |
1 |
|
|a Perroux, Francois,
|d 1903-1987,
|e author.
|
| 245 |
1 |
2 |
|a A new concept of development.
|n Volume 105 :
|b basic tenets /
|c Francois Perroux.
|
| 264 |
|
1 |
|a Oxfordshire, England ;
|a New York, New York :
|b Routledge,
|c 2014.
|
| 264 |
|
4 |
|c 1983
|
| 300 |
|
|
|a 1 online resource (221 pages) :
|b illustrations, tables.
|
| 336 |
|
|
|a text
|2 rdacontent
|
| 337 |
|
|
|a computer
|2 rdamedia
|
| 338 |
|
|
|a online resource
|2 rdacarrier
|
| 490 |
1 |
|
|a Routledge Library Editions: Development
|
| 500 |
|
|
|a Includes index.
|
| 588 |
|
|
|a Description based on print version record.
|
| 590 |
|
|
|a Electronic reproduction. Ann Arbor, MI : ProQuest, 2015. Available via World Wide Web. Access may be limited to ProQuest affiliated libraries.
|
| 650 |
|
0 |
|a Economic development.
|
| 651 |
|
0 |
|a Developing countries.
|
| 655 |
|
4 |
|a Electronic books.
|
| 776 |
0 |
8 |
|i Print version:
|a Perroux, Francois, 1903-1987.
|t New concept of development. Volume 105.
|d Oxfordshire, England ; New York, New York : Routledge, 2014, c1983
|h 212 pages
|k Routledge library editions. Development.
|z 9780415602105
|w 82225663
|
| 797 |
2 |
|
|a ProQuest (Firm)
|
| 830 |
|
0 |
|a Routledge library editions.
|p Development.
|
| 856 |
4 |
0 |
|u https://ebookcentral.proquest.com/lib/matrademy/detail.action?docID=614830
|z Click to View
|